Vplyv vybraných faktorov determinujúcich dôveryhodnosť influencerov na spotrebiteľské vnímanie
Zistenie vplyvu vybraných faktorov determinujúcich dôveryhodnosť influencerov na spotrebiteľské vnímanie. Sociálne siete a vyzdvihnutie ich významu v súčasnom globálnom rýchlo sa meniacom prostredí, charakteristika influencer marketingu, influencerov predstavujúcich novodobý trend, identifikácia fak...
Na minha lista:
| Autor principal: | |
|---|---|
| Formato: | Capítulo de Livro |
| Idioma: | eslovaco |
| Assuntos: | |
| Tags: |
Sem tags, seja o primeiro a adicionar uma tag!
|
MARC
| LEADER | 00000naa$a2200000$$$4500 | ||
|---|---|---|---|
| 001 | 0260497 | ||
| 005 | 20240502074127.5 | ||
| 041 | 0 | |a slo | |
| 044 | |a SK | ||
| 245 | 1 | 0 | |a Vplyv vybraných faktorov determinujúcich dôveryhodnosť influencerov na spotrebiteľské vnímanie |c Monika Stanková |
| 520 | |a Zistenie vplyvu vybraných faktorov determinujúcich dôveryhodnosť influencerov na spotrebiteľské vnímanie. Sociálne siete a vyzdvihnutie ich významu v súčasnom globálnom rýchlo sa meniacom prostredí, charakteristika influencer marketingu, influencerov predstavujúcich novodobý trend, identifikácia faktorov determinujúcich dôveryhodnosť influencerov. | ||
| 610 | 2 | 0 | |a marketing |
| 610 | 2 | 0 | |a spotrebitelia |
| 610 | 2 | 0 | |a správanie spotrebiteľa |
| 610 | 2 | 0 | |a siete sociálne |
| 100 | 1 | |a Stanková, Monika, 1993- | |